000 00456nmm a2200169Ia 4500
008 251105s9999||||xx |||||||||||||||||und||
020 _a9788483592540
041 _aspa
100 _aChozas Pedrero, Mercedes
245 0 _aLos abecedarios
264 _a[Madrid, España] :
_bCalambur,
_c2013
300 _a298 páginas
490 _aNarrativa
650 _aSpanish narrative
856 _uhttps://public.digitaliapublishing.com/a/31113
942 _cCF
999 _c86184
_d86184